'A' in Asia Quiz Stats

 Plays Quiz Updated Oct 26, 2018

Also try: 'L' in Europe
Challenge
Share
Tweet
Embed
Score 0/20 Timer 07:00
1 Play Today
Question Answer % Correct
Which country in the Caucasus is split in two by the southern portion of another former Soviet country?Azerbaijan
80.6%
What country used to be part of the Soviet Union and has its capital at Yerevan?Armenia
78.2%
What is an official language of twelve different Asian nations?Arabic
74.4%
Which country was thrust into civil war following the seizing of power by a socialist political party in 1978?Afghanistan
62%
Which city is the Taj Mahal located in?Agra
60.2%
Which capital city averages the second coldest winter months of any capital in the world?Astana
59.1%
What is the name of the Cambodian temple complex that stretches over 162.6 hectares?Angkor Wat
58.7%
The Temple of Hercules, Abdoun Bridge and Roman Theatre are all located in which capital city?Amman
55.2%
Which dormant volcano is renowned for being the Biblical resting place of Noah's Ark?Mount Ararat
53.9%
Which Syrian city has been continuously inhabited since as early as the 6th millennium BC?Aleppo
49.3%
Question Answer % Correct
Which Asian capital hosts a Formula One race every year at the Yas Marina Circuit?Abu Dhabi
48.1%
What city in Turkmenistan was home to the first Bahá'í House of Worship until its demolition in 1963?Ashgabat
42.4%
Which lake has shrunken over the last fifty years to less than 10% of its original size due to Soviet irrigation projects?Aral Sea
41.3%
Which minor tectonic plate, situated between the Eurasian and African Plates, pushes north to help form the Zagros Mountains?Arabian Plate
39.8%
Which city is Kazakhstan's largest, and served as its capital between 1929 and 1997?Almaty
36.1%
Which peninsula makes up the majority of Turkey and is bounded by the Black, Mediterranean, and Aegean Seas?Anatolia
33.9%
In the Bay of Bengal, between India and Myanmar, you will find what archipelago?Andaman and Nicobar Islands
28.3%
Which state located by the Black Sea is only recognized by Russia, Nicaragua, Venezuela and Nauru?Abkhazia
22.7%
Which city is the largest city and former capital of the Indian state of Gujarat?Ahmedabad
22%
What gulf off the Red Sea is bordered by Egypt, Israel, Jordan, and Saudi Arabia, and shares its name with Jordan's only coastal city?Gulf of Aqaba
20.7%

You're not logged in!

Compare scores with friends on all Sporcle quizzes.
OR
Log In

You Might Also Like...

Show Comments

Extras

Top Quizzes Today


Score Distribution

Your Account Isn't Verified!

In order to create a playlist on Sporcle, you need to verify the email address you used during registration. Go to your Sporcle Settings to finish the process.

Report this User

Report this user for behavior that violates our Community Guidelines.

Details: